00758nam a2200169 a 450000100100000000500170001000800410002704000250006808200140009310000390010724501540014626000720030030000210037204900090039395201690040299900170057100003376220200930070511.0110526s1777 sp 000 | spa d aDO-SdBNPbspacBNPHU axxxbZ35r1 aLuis, de Granadad1504-158895918210aGuía de pecadores :ben la cual se contiene una larga y copiosa exhortación a la virtud, y guarda de los mandamientos divinos /cLuis de Granada. aMadrid :bEn la Imprenta y Librería de D. Manuel Martín,c1777. a423 p. ;c21 cm. aBNPD 0010507-18MOaPDbPDcOId2011-09-08iLF1l0oxxx Z35rp33762-10r2020-06-25w2020-06-25y1zPerteneció a la biblioteca personal de Viviani LunaZNo se presta c33253d33253